[Event "ECC"]
[Site "Rethymnon GRE"]
[Date "2003.09.28"]
[Round "1"]
[White "Solakoglu,O"]
[Black "Heberla,B"]
[Result "0-1"]
[WhiteElo "2084"]
[BlackElo "2420"]
[EventDate "2003.09.28"]

1. e4 c5 2. Nf3 d6 3. d4 cxd4 4. Nxd4 Nf6 5. Nc3 Bd7 6. Bc4 e6 7. Bb3 Na6
8. f3 Nc5 9. Be3 a6 10. Bc4 b5 11. Be2 b4 12. Nb1 Qc7 13. a3 bxa3 14. Rxa3
d5 15. b4 Nb7 16. c3 Bd6 17. Rxa6 O-O 18. Nb5 Bxb5 19. Bxb5 Bxh2 20. Qa4
Rxa6 21. Qxa6 Nd6 22. Bb6 Bg3+ 23. Ke2 Qb8 24. Na3 dxe4 25. Ba7 Qc7 26. Bc5
Nd5 27. Rc1 Rd8 28. c4 exf3+ 29. Kxf3 Nxb5 30. cxb5 Qf4+ 31. Ke2 Qxc1 32.
b6 0-1

[Event "ECC"]
[Site "Rethymnon GRE"]
[Date "2003.09.28"]
[Round "1"]
[White "Kuzmin,Ge"]
[Black "Wukits,R"]
[Result "1/2-1/2"]
[WhiteElo "2516"]
[BlackElo "2288"]
[EventDate "2003.09.28"]

1. e4 c5 2. Nf3 e6 3. c4 b6 4. Nc3 Bb7 5. d4 cxd4 6. Nxd4 d6 7. g3 a6 8.
Bg2 Nd7 9. O-O Ngf6 10. Bg5 Qc7 11. Rc1 Rc8 12. Qa4 Qc5 13. Bxf6 gxf6 14.
Nce2 h5 15. h4 Bh6 16. Rb1 Ke7 17. Rfd1 Qc7 18. Qc2 Ne5 19. Nc1 Nc6 1/2-1/2

[Event "ECC"]
[Site "Rethymnon GRE"]
[Date "2003.09.28"]
[Round "1"]
[White "Schwaninger,W"]
[Black "Efimenko,Z"]
[Result "0-1"]
[WhiteElo "2207"]
[BlackElo "2546"]
[EventDate "2003.09.28"]

1. d4 Nf6 2. Nf3 g6 3. g3 Bg7 4. Bg2 O-O 5. O-O d6 6. c4 Nc6 7. Nc3 a6 8.
e4 Bg4 9. Be3 Nd7 10. h3 Bxf3 11. Bxf3 Na7 12. b3 c5 13. Rc1 cxd4 14. Bxd4
Bxd4 15. Qxd4 Nc6 16. Qe3 Qa5 17. Rfd1 Rfd8 18. Rd5 Qb6 19. Qxb6 Nxb6 20.
Rd2 Kf8 21. Rcd1 Nd7 22. Bg2 Nc5 23. f4 Rab8 24. b4 Nxb4 25. e5 Rdc8 26.
exd6 exd6 27. Rxd6 Ne6 28. Bf1 Rc6 29. a4 Re8 30. Rd7 Nc5 31. Rd8 Ne6 32.
Rxe8+ Kxe8 33. Kf2 Nc5 0-1

[Event "ECC"]
[Site "Rethymnon GRE"]
[Date "2003.09.28"]
[Round "1"]
[White "Areshchenko,A"]
[Black "Kreindl,H"]
[Result "1-0"]
[WhiteElo "2542"]
[BlackElo "2201"]
[EventDate "2003.09.28"]

1. e4 d5 2. exd5 Nf6 3. d4 Nxd5 4. Be2 Bf5 5. Nf3 e6 6. O-O Be7 7. c4 Nb4
8. Na3 O-O 9. Be3 c6 10. Qd2 Nd7 11. Rfd1 h6 12. h3 Nf6 13. Ne5 Ne4 14. Qe1
a5 15. Bf3 Ng5 16. Bg4 Bxg4 17. Nxg4 Nh7 18. Bf4 Nf6 19. Ne5 Nd7 20. Nf3
Re8 21. Qe2 Bf8 22. Nb1 Qf6 23. Bg3 Qf5 24. a3 Na6 25. Nc3 Rad8 26. Rd2 Nf6
27. Rad1 Nh5 28. Be5 Nf4 29. Qe3 g5 30. Ne4 Be7 31. Ng3 Qg6 32. Bxf4 gxf4
33. Qxf4 Bg5 34. Nxg5 hxg5 35. Qe5 1-0

[Event "ECC"]
[Site "Rethymnon GRE"]
[Date "2003.09.28"]
[Round "1"]
[White "Ivanov,O UKR"]
[Black "Zsifkovits,R"]
[Result "1-0"]
[WhiteElo "2457"]
[BlackElo "2118"]
[EventDate "2003.09.28"]

1. e4 e5 2. Nf3 Nf6 3. Nxe5 d6 4. Nf3 Nxe4 5. c4 Be7 6. d4 O-O 7. Bd3 d5 8.
O-O Nc6 9. Nc3 Nxc3 10. bxc3 dxc4 11. Bxc4 Na5 12. Bd3 Be6 13. Re1 Nc6 14.
Rb1 Rb8 15. Rb2 Bd5 16. Be3 Bf6 17. Nd2 Be6 18. Qb1 Na5 19. Rb5 c5 20.
Bxh7+ Kh8 21. Rxc5 1-0

[Event "ECC"]
[Site "Rethymnon GRE"]
[Date "2003.09.28"]
[Round "1"]
[White "Petschar,H"]
[Black "Kuzubov,Y"]
[Result "0-1"]
[WhiteElo "2004"]
[BlackElo "2400"]
[EventDate "2003.09.28"]

1. c4 Nf6 2. Nc3 e6 3. e4 d5 4. e5 d4 5. exf6 dxc3 6. bxc3 Qxf6 7. Nf3 b6
8. d4 Bb7 9. d5 Bc5 10. Be2 exd5 11. cxd5 O-O 12. O-O Qxc3 13. Rb1 Qf6 14.
Rb3 Nd7 15. Ng5 h6 16. Nh3 Bd6 17. f4 Nc5 18. Bb2 Qf5 19. Rg3 f6 20. Nf2
Rae8 21. Ng4 Kh8 22. Ne3 Qe4 23. Bh5 Bxf4 24. Rxf4 Qxf4 25. Bxe8 Rxe8 26.
Rf3 Qe4 27. Qd2 Qb1+ 28. Rf1 Qd3 29. Qxd3 Nxd3 30. Bd4 Re4 31. Nf5 Bxd5 32.
Rd1 Re1+ 33. Rxe1 Nxe1 0-1

[Event "ECC"]
[Site "Rethymnon GRE"]
[Date "2003.09.28"]
[Round "1"]
[White "Goloshchapov,A"]
[Black "Kett,T"]
[Result "1-0"]
[WhiteElo "2574"]
[BlackElo "2145"]
[EventDate "2003.09.28"]

1. e4 e5 2. Nf3 Nc6 3. Bb5 f5 4. Nc3 fxe4 5. Nxe4 Nf6 6. Nxf6+ Qxf6 7. O-O
Be7 8. d3 Nd4 9. Nxd4 exd4 10. Qh5+ Kd8 11. Bd2 c6 12. Ba4 g6 13. Qe2 d5
14. Rae1 Bd7 15. c4 dxc4 16. dxc4 Re8 17. Bc2 Kc7 18. Be4 Bd6 19. Qd3 Re5
20. b4 Rh5 21. f4 g5 22. c5 Bxf4 23. g3 Qh6 24. Rxf4 Rxh2 25. Rf7 1-0

[Event "ECC"]
[Site "Rethymnon GRE"]
[Date "2003.09.28"]
[Round "1"]
[White "Spice,A"]
[Black "Roeder,M"]
[Result "0-1"]
[WhiteElo "2181"]
[BlackElo "2451"]
[EventDate "2003.09.28"]

1. Nc3 c5 2. f4 g6 3. g3 Bg7 4. Bg2 e6 5. Nf3 Nc6 6. O-O Nge7 7. d3 b6 8.
e4 Ba6 9. a4 O-O 10. Nb5 d6 11. e5 dxe5 12. fxe5 Qd7 13. Qe2 Rad8 14. Bg5
Bxb5 15. axb5 Nd4 16. Nxd4 Qxd4+ 17. Kh1 Rd7 18. Ra2 Qxe5 19. Qxe5 Bxe5 20.
Rfa1 Bb8 21. Bf4 Bxf4 22. gxf4 Nc8 23. Bc6 Rc7 24. Kg2 Rd8 25. Kf3 Kg7 26.
Ra4 f5 27. Ke3 Kf6 28. Kd2 h6 29. h4 Rh8 30. b4 cxb4 31. Rxb4 g5 32. hxg5+
hxg5 33. fxg5+ Kxg5 34. Re1 Kf6 35. Rd4 Ke7 36. Rg1 Nd6 37. Ra4 Kf6 38. Rd4
Nf7 39. Re1 Ne5 40. Rd6 Ke7 41. Rxe6+ Kxe6 42. d4 Re7 43. Rxe5+ Kf6 44.
Rxe7 Kxe7 45. c4 Rh3 46. c5 Rb3 47. Kc2 Re3 48. Kd2 f4 49. Bb7 Rb3 50. Bc6
f3 51. cxb6 f2 52. Ke2 Rb2+ 53. Kf1 axb6 54. Kg2 Ke6 55. Bf3 Rd2 56. Kf1
Kf5 57. Be2 Ke4 0-1

[Event "ECC"]
[Site "Rethymnon GRE"]
[Date "2003.09.28"]
[Round "1"]
[White "Welling,G"]
[Black "Trevelyan,J"]
[Result "1-0"]
[WhiteElo "2391"]
[BlackElo "2150"]
[EventDate "2003.09.28"]

1. d4 d6 2. e4 e5 3. Nf3 Nf6 4. dxe5 Nxe4 5. Qd5 Nc5 6. Bg5 Be7 7. exd6
Qxd6 8. Nc3 c6 9. Qxd6 Bxd6 10. O-O-O Be7 11. Bc4 h6 12. Bxe7 Kxe7 13.
Rhe1+ Ne6 14. Nd4 Re8 15. Nf5+ Kf8 16. Nd6 Rd8 17. Nxc8 Rxc8 18. Bxe6 fxe6
19. Rxe6 Re8 20. Rxe8+ Kxe8 21. Ne4 1-0

[Event "ECC"]
[Site "Rethymnon GRE"]
[Date "2003.09.28"]
[Round "1"]
[White "Huizer,M"]
[Black "Davies,Pe"]
[Result "1-0"]
[WhiteElo "2188"]
[BlackElo "2042"]
[EventDate "2003.09.28"]

1. e4 Na6 2. g3 d5 3. Nc3 d4 4. Nce2 d3 5. cxd3 Nc5 6. Nc3 Nxd3+ 7. Bxd3
Qxd3 8. Qe2 Qxe2+ 9. Ngxe2 c6 10. f3 Nf6 11. d4 e6 12. Be3 Be7 13. O-O-O
O-O 14. Rhe1 b6 15. Nf4 Bb7 16. Nd3 Rac8 17. Kb1 Rfd8 18. Rd2 Kf8 19. Red1
Ke8 20. a3 Nd7 21. Nf2 Ba8 22. Ka2 e5 23. d5 Bc5 24. Bxc5 Nxc5 25. Ng4 cxd5
26. exd5 f6 27. Ne3 g6 28. Ne4 Ke7 29. Ng4 Nd7 30. Nc3 h5 31. Ne3 f5 32.
Re1 Kf6 33. h3 Rc5 34. g4 Rcc8 35. gxf5 gxf5 36. Nb5 f4 37. Nd1 Nc5 38.
Nbc3 Kf5 39. Nf2 Rg8 40. Rde2 Rge8 41. Nfe4 Nxe4 42. fxe4+ Kf6 43. Rg2 Rg8
44. Reg1 Kf7 45. Rg5 Rxg5 46. Rxg5 Rf8 47. Rxe5 f3 48. Rf5+ Kg7 49. Rxf8
Kxf8 50. Nd1 Ke7 51. Kb3 Bb7 52. Kc3 Ba6 53. Kd4 Be2 54. Nf2 Kd6 55. e5+
Kd7 56. e6+ 1-0

[Event "ECC"]
[Site "Rethymnon GRE"]
[Date "2003.09.28"]
[Round "1"]
[White "Zoler,D"]
[Black "Teterev,V"]
[Result "1/2-1/2"]
[WhiteElo "2539"]
[BlackElo "2497"]
[EventDate "2003.09.28"]

1. d4 Nf6 2. c4 g6 3. g3 Bg7 4. Bg2 O-O 5. Nc3 d6 6. Nf3 Nc6 7. O-O a6 8.
Re1 Rb8 9. Rb1 b5 10. cxb5 axb5 11. b4 e6 12. e4 Ne7 13. Nd2 Nd7 14. Nb3 c6
15. Be3 Nb6 16. Qc1 Re8 17. Bh6 Bh8 18. h4 Nc4 19. h5 e5 20. hxg6 hxg6 21.
dxe5 Nxe5 22. Qc2 Bg4 23. Bg5 Qd7 24. Nd2 Nc8 25. f3 Bh3 26. Kh2 Be6 27.
Rbd1 Nb6 28. Nb3 f6 29. Be3 Nbc4 30. Bf2 Qh7+ 31. Kg1 Re7 32. Nd4 Bd7 33.
Qb3 Rf7 34. Re2 Qh6 35. Kf1 Ra8 36. a4 bxa4 37. Qa2 Bh3 38. f4 1/2-1/2

[Event "ECC"]
[Site "Rethymnon GRE"]
[Date "2003.09.28"]
[Round "1"]
[White "Lukashok,A"]
[Black "Kantsler,B"]
[Result "0-1"]
[WhiteElo "2390"]
[BlackElo "2472"]
[EventDate "2003.09.28"]

1. Nf3 g6 2. g3 Bg7 3. d4 Nf6 4. Bg2 O-O 5. O-O d6 6. c4 Nbd7 7. Nc3 e5 8.
e3 Re8 9. h3 c6 10. a4 a5 11. b3 exd4 12. Nxd4 Nc5 13. Qc2 Bd7 14. Ba3 Qc8
15. Kh2 Re5 16. h4 Qc7 17. Rad1 Rae8 18. Rfe1 Qb6 19. Rd2 R5e7 20. Kg1 Ng4
21. Red1 Rxe3 22. fxe3 Nxe3 23. Qb2 Nxd1 24. Rxd1 Bg4 25. Rd2 Re5 26. Kh2
Nd3 27. c5 dxc5 28. Rxd3 Rd5 29. Nde2 c4 30. Qc2 Qf2 0-1

[Event "ECC"]
[Site "Rethymnon GRE"]
[Date "2003.09.28"]
[Round "1"]
[White "Bitansky,I"]
[Black "Paramonov,D"]
[Result "1-0"]
[WhiteElo "2378"]
[BlackElo "2354"]
[EventDate "2003.09.28"]

1. Nf3 Nf6 2. g3 b5 3. Bg2 Bb7 4. O-O d6 5. b3 g6 6. Bb2 Bg7 7. d4 O-O 8.
c4 bxc4 9. bxc4 Nbd7 10. Nbd2 Rb8 11. Qc2 e5 12. dxe5 Ng4 13. Rab1 dxe5 14.
h3 Nh6 15. c5 Bc6 16. Nb3 Rb5 17. Rfd1 Qe7 18. Nfd4 Bxg2 19. Nxb5 Bxh3 20.
c6 Nb6 21. Qc5 Qg5 22. Nd2 Bf5 23. e4 Bg4 24. Qe3 Qxe3 25. fxe3 Bxd1 26.
Rxd1 Ng4 27. Nxc7 Rc8 28. Nd5 Nxd5 29. exd5 Nxe3 30. d6 Rxc6 31. Ne4 Rc8
32. d7 Rd8 33. Rc1 Bf8 34. Rc8 Be7 35. Ba3 1-0

[Event "ECC"]
[Site "Rethymnon GRE"]
[Date "2003.09.28"]
[Round "1"]
[White "Fejzullahu,A"]
[Black "Polzin,R"]
[Result "1/2-1/2"]
[WhiteElo "2306"]
[BlackElo "2464"]
[EventDate "2003.09.28"]

1. e4 c5 2. Nf3 d6 3. d4 cxd4 4. Nxd4 Nf6 5. Nc3 g6 6. Be3 Bg7 7. Bc4 O-O
8. f3 Nc6 9. Qd2 Bd7 10. O-O-O Rc8 11. Bb3 Ne5 12. h4 h5 13. Bg5 Rc5 14. g4
hxg4 15. f4 Nc4 16. Qd3 Qc8 17. Bxc4 Rxc4 18. Bxf6 Rxc3 19. bxc3 Bxf6 20.
h5 g5 21. fxg5 Bxg5+ 22. Kb2 Qc5 23. Rhg1 Rc8 24. Rdf1 Bf6 25. Rxf6 exf6
26. Rf1 Qb6+ 27. Kc1 Qa5 28. Kb2 Qb6+ 29. Kc1 Qa6 30. Kd2 Rc5 31. Rxf6
Qxd3+ 32. cxd3 Rxh5 33. Rxd6 Ba4 34. Nf5 Rg5 35. Ng3 Kf8 36. Ke3 Ke7 37.
Kf4 Rc5 38. c4 Ra5 39. Nf5+ Rxf5+ 40. exf5 1/2-1/2

[Event "ECC"]
[Site "Rethymnon GRE"]
[Date "2003.09.28"]
[Round "1"]
[White "Berndt,S"]
[Black "Bujupi,B"]
[Result "1/2-1/2"]
[WhiteElo "2462"]
[BlackElo "2205"]
[EventDate "2003.09.28"]

1. e4 c6 2. d4 d5 3. exd5 cxd5 4. c4 Nf6 5. Nc3 Nc6 6. Nf3 e6 7. a3 Be7 8.
Bd3 dxc4 9. Bxc4 O-O 10. O-O a6 11. Bg5 b5 12. Ba2 b4 13. Na4 bxa3 14. bxa3
Nd5 15. Bxd5 exd5 16. Bxe7 Nxe7 17. Qd2 Bf5 18. Nc5 Nc6 19. Rfe1 Na5 20.
Ne5 h6 21. Rac1 f6 22. Nf3 Nc4 23. Qf4 Bc8 24. a4 Ra7 25. Nd2 Qd6 26. Qxd6
Nxd6 27. f3 Kf7 28. Kf2 Bf5 29. g4 Bc8 30. Rb1 Rd8 31. Rb8 Re8 32. Rxe8
Kxe8 33. Nf1 Kd8 34. Ne3 Kc7 35. Rb1 Kc6 36. Rc1 Nc4 37. Nxc4 dxc4 38. Rxc4
Kd5 39. Rb4 f5 40. h3 fxg4 41. hxg4 Rf7 42. Ke3 Re7+ 43. Kf2 Rf7 44. Kg3 a5
45. Rb8 Rc7 46. Rb3 Bd7 1/2-1/2

[Event "ECC"]
[Site "Rethymnon GRE"]
[Date "2003.09.28"]
[Round "1"]
[White "Walsh,C"]
[Black "Zhigalko,A"]
[Result "0-1"]
[WhiteElo "2170"]
[BlackElo "2466"]
[EventDate "2003.09.28"]

1. e4 c5 2. Nf3 d6 3. d4 cxd4 4. Nxd4 Nf6 5. Nc3 a6 6. Be2 e6 7. O-O Be7 8.
f4 O-O 9. Be3 Nc6 10. Kh1 Bd7 11. Qe1 b5 12. a3 Qb8 13. Bf3 Nxd4 14. Bxd4
e5 15. Be3 a5 16. Bd2 Qc7 17. Rc1 Kh8 18. f5 b4 19. axb4 axb4 20. Nd5 Nxd5
21. exd5 Bxf5 22. Bxb4 Bg5 23. Bd2 Bxd2 24. Qxd2 Ra2 25. c3 Rb8 26. Qg5 Bd3
27. Rfd1 e4 0-1

[Event "ECC"]
[Site "Rethymnon GRE"]
[Date "2003.09.28"]
[Round "1"]
[White "Saunders,R"]
[Black "Tihonov,J"]
[Result "0-1"]
[WhiteElo "2170"]
[BlackElo "2382"]
[EventDate "2003.09.28"]

1. e4 c5 2. Nc3 a6 3. g3 Nc6 4. Bg2 g6 5. d3 Bg7 6. Be3 d6 7. Qd2 e6 8. f4
Nge7 9. Nf3 Nd4 10. O-O O-O 11. Nh4 Rb8 12. Nd1 Ndc6 13. g4 f5 14. gxf5
exf5 15. Bf2 Kh8 16. c3 Be6 17. Ne3 fxe4 18. dxe4 Rxf4 19. Rad1 Bxa2 20.
Qxd6 Qxd6 21. Rxd6 Ne5 22. Ra1 Bg8 23. Bg3 Rff8 24. Ra5 Rbc8 25. Bh3 Rc6
26. Rd1 Bb3 27. Rf1 Rxf1+ 28. Kxf1 b5 29. Ra1 b4 30. Ke2 Kg8 31. Rc1 a5 32.
Nf3 Nxf3 33. Kxf3 bxc3 34. bxc3 a4 35. e5 a3 36. Ra1 a2 37. Bf1 c4 38. Ke4
Bh6 39. Nd5 Bc2+ 40. Kd4 Nf5+ 0-1

[Event "ECC"]
[Site "Rethymnon GRE"]
[Date "2003.09.28"]
[Round "1"]
[White "Brady,S"]
[Black "Parker,J"]
[Result "1/2-1/2"]
[WhiteElo "2336"]
[BlackElo "2541"]
[EventDate "2003.09.28"]

1. e4 e5 2. Nf3 Nc6 3. d4 exd4 4. Nxd4 Bc5 5. Nxc6 Qf6 6. Qd2 bxc6 7. Nc3
Ne7 8. Na4 Bb6 9. Bd3 O-O 10. O-O d6 11. Nxb6 axb6 12. Qg5 Qxg5 13. Bxg5 f6
14. Be2 Be6 15. a4 c5 16. b3 Nc6 17. Rfd1 Rfd8 1/2-1/2

[Event "ECC"]
[Site "Rethymnon GRE"]
[Date "2003.09.28"]
[Round "1"]
[White "Kelly,B"]
[Black "Fitzpatrick,B"]
[Result "1-0"]
[WhiteElo "2487"]
[BlackElo "2052"]
[EventDate "2003.09.28"]

1. c4 e5 2. g3 Nf6 3. Bg2 c6 4. d4 exd4 5. Qxd4 Na6 6. Nf3 Bc5 7. Qd1 O-O
8. Nc3 d5 9. cxd5 Nb4 10. Bg5 Nbxd5 11. Nxd5 Qxd5 12. Bxf6 Qxd1+ 13. Rxd1
gxf6 14. a3 Be6 15. O-O Rfd8 16. e3 Kf8 17. Rc1 Bb6 18. Rfd1 Ke7 19. Bf1
Rxd1 20. Rxd1 Bg4 21. Kg2 Bc7 22. Rd4 Rg8 23. Rc4 Be6 24. Rh4 Rg7 25. Bd3
f5 26. b4 Kd6 27. Nd4 Ke5 28. Bxf5 Bxf5 29. Rh5 Rg6 1-0

[Event "ECC"]
[Site "Rethymnon GRE"]
[Date "2003.09.29"]
[Round "2"]
[White "Belozerov,A"]
[Black "Poldauf,D"]
[Result "1-0"]
[WhiteElo "2541"]
[BlackElo "2404"]
[EventDate "2003.09.28"]

1. d4 Nf6 2. c4 g6 3. Nc3 Bg7 4. e4 d6 5. f4 O-O 6. Nf3 Na6 7. Be2 e5 8.
fxe5 dxe5 9. Nxe5 c5 10. Be3 Ng4 11. Nxg4 cxd4 12. Nh6+ Kh8 13. Bf2 Bh3 14.
gxh3 dxc3 15. Qxd8 Raxd8 16. Be3 Nb4 17. O-O Nc2 18. Nxf7+ Rxf7 19. Rxf7
cxb2 20. Rb1 Nxe3 21. Rxg7 Kxg7 22. Kf2 Nc2 23. Rxb2 Rf8+ 24. Kg3 Nd4 25.
Rxb7+ Kf6 26. Bd1 Ke5 27. Re7+ Kd6 28. Rxa7 Rf1 29. Bg4 h5 30. Ra5 Nc2 31.
e5+ Kc7 32. Be2 Rg1+ 33. Kf2 Rg5 34. Bd3 Nd4 35. Rc5+ Kb6 36. Rd5 Nf5 37.
e6 1-0

[Event "ECC"]
[Site "Rethymnon GRE"]
[Date "2003.09.29"]
[Round "2"]
[White "Thiede,L"]
[Black "Filippov,Va"]
[Result "0-1"]
[WhiteElo "2440"]
[BlackElo "2630"]
[EventDate "2003.09.28"]

1. g3 c5 2. c4 Nc6 3. Bg2 g6 4. Nc3 Bg7 5. a3 e6 6. b4 Nxb4 7. axb4 cxb4 8.
d4 bxc3 9. e3 Ne7 10. Ne2 O-O 11. Nxc3 d6 12. Ba3 Qc7 13. Qb3 a6 14. O-O
Rb8 15. Rab1 e5 16. dxe5 Bxe5 17. f4 Bg7 18. Rfd1 Rd8 19. Ne4 Nf5 20. Bb2
Qe7 21. Bxg7 Nxg7 22. Qc3 Ne8 23. Rb6 Bf5 24. Qd4 Bxe4 25. Bxe4 Nc7 26.
Rxb7 Rxb7 27. Bxb7 a5 28. Bc6 Ne6 29. Qe4 Qc7 30. Bd5 Nc5 31. Qd4 a4 32. e4
Re8 33. Rf1 Nb3 34. Qc3 Re7 35. Kh1 Qa7 36. Qb4 Qe3 37. Qxa4 Nd2 38. Ra1
Nxe4 39. Qa8+ Kg7 40. Qa3 Qd4 41. Rf1 Nf2+ 42. Kg2 Nd1 43. Kh3 Re2 44. Rxd1
Qxd1 45. Qa7 Qf1+ 46. Kg4 h5+ 47. Kg5 Re5+ 48. Kh4 g5+ 49. fxg5 Qf5 50. Qd4
Qxg5+ 51. Kh3 Qf6 52. Qd2 Qf1+ 53. Kh4 Qf5 54. Qd1 Qf2 55. Kh3 Re2 0-1

[Event "ECC"]
[Site "Rethymnon GRE"]
[Date "2003.09.29"]
[Round "2"]
[White "Landa,K"]
[Black "Rudolf,Hen"]
[Result "1-0"]
[WhiteElo "2614"]
[BlackElo "2316"]
[EventDate "2003.09.28"]

1. e4 d6 2. d4 Nf6 3. Nc3 g6 4. Be3 c6 5. Qd2 Nbd7 6. Nf3 e5 7. h3 Bg7 8.
Bh6 O-O 9. Bxg7 Kxg7 10. O-O-O Re8 11. g4 b5 12. g5 Nh5 13. Ne2 Qb6 14. Ng3
Nxg3 15. fxg3 exd4 16. Nxd4 Nc5 17. Bg2 Nxe4 18. Qf4 d5 19. Rhf1 Qb7 20.
Nxc6 Be6 21. Nd4 Rad8 22. Nc6 1-0

[Event "ECC"]
[Site "Rethymnon GRE"]
[Date "2003.09.29"]
[Round "2"]
[White "Aleksandrov,A"]
[Black "Gagunashvili,M"]
[Result "1/2-1/2"]
[WhiteElo "2659"]
[BlackElo "2577"]
[EventDate "2003.09.28"]

1. d4 d5 2. c4 c6 3. Nc3 Nf6 4. e3 e6 5. Nf3 Nbd7 6. Qc2 Bd6 7. g4 Nxg4 8.
Rg1 Qf6 9. Rxg4 Qxf3 10. Rxg7 Nf8 11. Rg1 Ng6 12. Bd2 Bd7 13. Be2 Qf6 14.
Rf1 Rc8 15. O-O-O c5 16. dxc5 Rxc5 17. f4 b5 18. cxb5 O-O 19. Kb1 Rfc8 20.
Qa4 Bf8 21. Qxa7 R8c7 22. Qa4 Bg7 23. Rc1 e5 24. Nxd5 Bf5+ 25. e4 Rxd5 26.
Rxc7 Rxd2 27. exf5 Qxf5+ 28. Rc2 Rxe2 29. b6 exf4 30. Rfc1 f3 31. b7 Be5
32. Qb5 Rxc2 33. Rxc2 Qf4 34. a4 Kg7 35. Qb6 Qxa4 36. b8=Q Bxb8 37. Qxb8 f2
1/2-1/2

[Event "ECC"]
[Site "Rethymnon GRE"]
[Date "2003.09.29"]
[Round "2"]
[White "Fedorov,Alex"]
[Black "Izoria,Z"]
[Result "1/2-1/2"]
[WhiteElo "2595"]
[BlackElo "2541"]
[EventDate "2003.09.28"]

1. e4 c6 2. d4 d5 3. e5 Bf5 4. Nc3 h5 5. Bd3 Bxd3 6. Qxd3 e6 7. Nf3 Nd7 8.
O-O Be7 9. Ne2 Nh6 10. c3 Nf5 11. Ng3 g6 12. Bf4 h4 13. Nxf5 gxf5 14. Qd2
Rg8 15. Kh1 Rg6 16. g3 hxg3 17. hxg3 Rg8 18. Kg2 Nf8 19. Rh1 Kd7 20. Rh5
Kc7 21. Rah1 Rc8 22. Bg5 Kb8 23. b4 Rg7 24. Bxe7 Qxe7 25. Rh8 Ng6 26. R8h7
Rcg8 27. Qg5 Qxg5 28. Nxg5 f4 29. Rxg7 Rxg7 30. Rh7 Rxh7 31. Nxh7 fxg3 32.
Kxg3 Kc7 33. Ng5 Nh8 34. Kg4 Kd7 35. f4 Ke7 36. f5 exf5+ 37. Kxf5 Ng6 38.
e6 f6 39. Kxg6 fxg5 40. Kxg5 1/2-1/2

[Event "ECC"]
[Site "Rethymnon GRE"]
[Date "2003.09.29"]
[Round "2"]
[White "Miton,K"]
[Black "Macieja,B"]
[Result "1/2-1/2"]
[WhiteElo "2546"]
[BlackElo "2627"]
[EventDate "2003.09.28"]

1. d4 Nf6 2. c4 e6 3. Nf3 b6 4. g3 Ba6 5. Qa4 Bb7 6. Bg2 c5 7. dxc5 Bxc5 8.
O-O O-O 9. Nc3 Be7 10. Rd1 Na6 11. Be3 Qc8 12. Bd4 Nc5 13. Qc2 Nce4 14.
Rac1 Rd8 15. Nxe4 Bxe4 16. Qb3 Qa6 17. a4 Bc6 18. Ne5 Bxg2 19. Kxg2 Rac8
20. Qf3 Rc7 21. b3 Qb7 22. Qxb7 Rxb7 1/2-1/2

[Event "ECC"]
[Site "Rethymnon GRE"]
[Date "2003.09.29"]
[Round "2"]
[White "Van Wely,L"]
[Black "Zoler,D"]
[Result "1/2-1/2"]
[WhiteElo "2661"]
[BlackElo "2539"]
[EventDate "2003.09.28"]

1. d4 Nf6 2. c4 e6 3. Nc3 Bb4 4. Qc2 O-O 5. a3 Bxc3+ 6. Qxc3 d6 7. Bg5 Nbd7
8. e3 b6 9. Ne2 Bb7 10. Qd3 h6 11. Bh4 Re8 12. Nc3 a5 13. Be2 d5 14. cxd5
exd5 15. Qc2 c6 16. Bd3 Ba6 17. Bf5 Ra7 18. O-O-O b5 19. Bxd7 Rxd7 20. b4
axb4 21. axb4 Ra7 22. Bxf6 Qxf6 23. Kb2 Bc8 24. Ra1 Bf5 25. Qd2 Rea8 26.
Rxa7 Rxa7 27. f3 Qg6 28. Ra1 Rxa1 29. Kxa1 Bd3 30. Kb2 Bc4 31. Ka3 Qd6 32.
g3 f6 33. e4 dxe4 34. fxe4 Kf7 35. Qe3 Qe7 36. Qd2 Qa7+ 37. Kb2 Qe7 38. Ka3
Qd6 39. Qe3 Qe7 40. Qd2 Qa7+ 1/2-1/2

[Event "ECC"]
[Site "Rethymnon GRE"]
[Date "2003.09.29"]
[Round "2"]
[White "Bauer,Ch"]
[Black "Bitansky,I"]
[Result "0-1"]
[WhiteElo "2589"]
[BlackElo "2378"]
[EventDate "2003.09.28"]

1. e4 e5 2. Nf3 Nc6 3. Bb5 a6 4. Ba4 Nf6 5. O-O Be7 6. Re1 b5 7. Bb3 O-O 8.
d3 d6 9. a3 Be6 10. Nbd2 Bxb3 11. Nxb3 d5 12. Bg5 Re8 13. Bh4 Qd7 14. exd5
Qxd5 15. Qd2 Rad8 16. Rad1 Nh5 17. Bxe7 Rxe7 18. Qg5 Nf4 19. Qf5 Re6 20.
Qe4 Qd6 21. g3 Ng6 22. Ng5 Re7 23. Qb4 Nd4 24. Nxd4 Qxd4 25. Qxd4 Rxd4 26.
Ne4 Re6 27. b4 Rc6 28. Nc5 f6 29. Re4 Rd8 30. Ra1 Nf8 31. f4 Ne6 32. Nxe6
Rxe6 33. fxe5 Rxe5 34. Rxe5 fxe5 35. Re1 Re8 36. d4 Kf7 37. dxe5 Rd8 38.
e6+ Ke7 39. Re2 Rd6 40. Kf2 Rxe6 41. Re3 Kd6 42. Rd3+ Ke7 43. Rc3 Kd6 44.
Kf3 Rf6+ 45. Ke4 Re6+ 46. Kd4 Re2 47. h4 Rd2+ 48. Ke4 Re2+ 49. Kf4 Rf2+ 50.
Kg5 Rf6 51. h5 Re6 52. g4 Rf6 53. Rd3+ Ke7 54. Re3+ Kd7 55. Kh4 Rc6 56. c3
Rb6 57. Rf3 Ke7 58. g5 g6 59. Rf4 Rd6 60. hxg6 hxg6 61. Rf6 Re6 62. Rf3 Kd6
63. Rd3+ Ke5 64. Kg4 Rd6 65. Rf3 Kd5 66. Kf4 Re6 67. Kg3 Rc6 68. Kf2 Ke4
69. Ke2 Rd6 70. Rf7 0-1

[Event "ECC"]
[Site "Rethymnon GRE"]
[Date "2003.09.29"]
[Round "2"]
[White "Finkel,A"]
[Black "Degraeve,JM"]
[Result "1-0"]
[WhiteElo "2458"]
[BlackElo "2541"]
[EventDate "2003.09.28"]

1. e4 e5 2. Nc3 Nf6 3. g3 d5 4. exd5 Nxd5 5. Bg2 Nxc3 6. bxc3 Bd6 7. Nf3
O-O 8. O-O Nd7 9. d4 h6 10. Re1 exd4 11. cxd4 Nb6 12. Qd3 Qf6 13. c4 Bf5
14. Qb3 Be6 15. d5 Qxa1 16. Bb2 Qxe1+ 17. Nxe1 Bf5 18. g4 Rfe8 19. gxf5
Rxe1+ 20. Bf1 f6 21. c5 Bxc5 22. Qc3 Rb1 23. Qc2 Rxb2 24. Qxb2 Rd8 25. Qb3
Kf8 26. Be2 Re8 27. Bf3 Re5 28. h4 Bd6 29. Kg2 Rxf5 30. Bg4 Rxd5 31. Be6
Re5 32. Bg8 Re7 33. Bh7 Ke8 34. a4 c6 35. Qg8+ Kd7 36. a5 Kc7 37. axb6+
axb6 38. Bg6 b5 39. h5 b4 40. Bf7 Re5 41. Kf3 Rf5+ 42. Ke2 Bc5 43. f3 Re5+
44. Kd1 1-0

[Event "ECC"]
[Site "Rethymnon GRE"]
[Date "2003.09.29"]
[Round "2"]
[White "Ribshtein,N"]
[Black "Apicella,M"]
[Result "0-1"]
[WhiteElo "2324"]
[BlackElo "2522"]
[EventDate "2003.09.28"]

1. e4 e6 2. d4 d5 3. e5 c5 4. c3 Nc6 5. Nf3 Qb6 6. Be2 cxd4 7. cxd4 Nh6 8.
b3 Nf5 9. Bb2 Be7 10. O-O Bd7 11. a3 h5 12. b4 a6 13. Qd2 Rg8 14. h4 Nxh4
15. Nxh4 Bxh4 16. Bxh5 Rh8 17. Bg4 O-O-O 18. g3 Be7 19. Nc3 f5 20. exf6
gxf6 21. Rac1 Rdg8 22. Bf3 Kb8 23. Bxd5 Nxd4 24. Qe3 exd5 25. Nxd5 Ne2+ 26.
Kg2 Qxe3 27. fxe3 Rxg3+ 0-1

[Event "ECC"]
[Site "Rethymnon GRE"]
[Date "2003.09.29"]
[Round "2"]
[White "Kelly,B"]
[Black "Roiz,M"]
[Result "1/2-1/2"]
[WhiteElo "2487"]
[BlackElo "2554"]
[EventDate "2003.09.28"]

1. c4 c5 2. Nc3 Nc6 3. g3 g6 4. Bg2 Bg7 5. a3 d6 6. Rb1 a5 7. Nf3 e6 8. Qa4
Ra6 9. d3 Nge7 10. O-O O-O 11. Bd2 Bd7 12. Rfe1 Na7 13. Qc2 b5 1/2-1/2

[Event "ECC"]
[Site "Rethymnon GRE"]
[Date "2003.09.29"]
[Round "2"]
[White "Ferguson,M"]
[Black "Greenfeld,A"]
[Result "1/2-1/2"]
[WhiteElo "2377"]
[BlackElo "2556"]
[EventDate "2003.09.28"]

1. e4 c5 2. Nf3 d6 3. Bc4 Nf6 4. d3 Nc6 5. c3 g6 6. O-O Bg7 7. Bb3 O-O 8.
Re1 b6 9. Nbd2 Ba6 10. Bc2 e5 11. a3 Nh5 12. Nf1 Nf4 13. d4 cxd4 14. cxd4
Qf6 15. d5 Nd4 16. Nxd4 exd4 17. Bxf4 Qxf4 18. Ng3 Rac8 19. Bd3 Bxd3 20.
Qxd3 Rfe8 21. Rad1 Rc5 22. Nf1 Rec8 23. g3 Qg4 24. Re2 f5 25. Nd2 Rc2 26.
f3 Qh3 27. Nb3 fxe4 28. Qxe4 Rxe2 29. Qxe2 Qf5 30. Nxd4 Qxd5 31. Nb5 Qe5
32. Qxe5 Bxe5 33. Nxa7 Rc2 34. b4 g5 35. Nb5 Rc6 36. Kg2 h5 37. Rd2 Kg7 38.
Kf2 Kf6 39. Ke3 Ke7 40. f4 gxf4+ 41. gxf4 Bg7 42. Nd4 Bxd4+ 43. Kxd4 b5 44.
Ke4 Ke6 45. f5+ Kf6 46. Rd5 Rc4+ 47. Kd3 Rh4 48. Rxb5 Rh3+ 49. Ke4 Rxa3 50.
Rb6 Ra2 51. Rxd6+ Ke7 52. Re6+ Kf7 53. b5 Rxh2 54. b6 h4 55. Kd5 h3 56. b7
Rb2 57. Kc6 Rc2+ 58. Kd7 Rb2 59. Kc7 Rc2+ 60. Kb8 h2 61. Re1 Rg2 62. Kc8
Rc2+ 63. Kb8 Rg2 64. Kc8 Rc2+ 65. Kb8 1/2-1/2